00444 2200181 4500001002100000008004100021035002000062245002400082100001500106260003700121300002000158020002200178084001400200082000800214650001000222990001500232990001500247INLIS000000000003223 ind  a0010-1225000044 aSi PutihcTere Liye aLiye, Tere aDepok :bPT Sabak Grip Nusantara a374c13,5x20 cm a978-623-9987-85-5 a813 LIY s a813 aFiksi a19682/B/26 a19683/B/26